Information

Sparad:
Bibliografiska uppgifter
Materialtyp: Bok
Språk:Undetermined
Publicerad: San Francisco W. H. Freeman and Company 1966
Ämnen:
Taggar: Lägg till en tagg
Inga taggar, Lägg till första taggen!
Thư viện lưu trữ: Trung tâm Học liệu Trường Đại học Cần Thơ
LEADER 00407nam a2200157Ia 4500
001 CTU_87750
008 210402s9999 xx 000 0 und d
082 |a 004 
082 |b I.43 
245 0 |a Information 
260 |a San Francisco 
260 |b W. H. Freeman and Company 
260 |c 1966 
650 |a Information 
904 |i Trọng Hiếu 
980 |a Trung tâm Học liệu Trường Đại học Cần Thơ